I nomi antichi delle maggiori città italiane - Statistics

Statistiche generali
  • Questo quiz è stato fatto 50 volte
  • Il punteggio medio è 5 su 26
Statistiche sulle risposte
Hint Risposta % Corretto
Periodo antico Mediolanum
95%
Per il resto del periodo antico Neapolis
64%
Prima della fine del VI sec. a.C. Partenope
48%
Per il resto del periodo antico Augusta Taurinorum
34%
Periodo antico Florentia
32%
Dal periodo romano alla conquista araba Panormus
27%
Per il resto del periodo antico Bononia
20%
Periodo antico Tergeste
20%
Periodo antico Genua
14%
Prima del 476 sec. a.C. Katane
14%
Tra il 461 a.C. e il III sec. a.C. Katane
14%
Prima della conquista romana Felsina
11%
Per il resto del periodo antico Messana
11%
Periodo antico Patavium
11%
Prima del V sec. a.C. Zancle|Dankle
11%
Per il resto del periodo antico Barium
7%
Durante il periodo arabo Balarm
5%
Dal III sec. a.C. alla conquista araba Catina|Catana
5%
Prima della conquista romana Barion|Baris
2%
Durante il periodo greco Panormos
2%
Durante il periodo punico Zyz
2%
Tra il 476 e il 461 sec. a.C Aitna
0%
Durante il periodo arabo Balad-al-fil|Madinat-al-fil
0%
Durante il periodo normanno Balermus
0%
Tra il V e il III sec. a.C Messene
0%
Prima della conquista romana Taurasia|Taurinia
0%
Nessun quiz corrispondente trovato
Distribuzione punteggi
Percentuale di utenti per punteggio
Percentile per numero di risposta
I tuoi punteggi nel tempo
Non hai fatto questo quiz